000 00510nam a2200169Ia 4500
003 LK-CoDNM
008 010623t2011 xxu||||| |||| 00| 1 sin d
040 _aLK-CoDNM
_dLK-CoDNM
_eLK-CoDNM
041 _asin
080 _a930.31 GAM
100 _aGamage,Jeewana Suranga
245 _aහෝර්ටන් තැන්න ජාතික උද්‍යානය
246 _aHorton Thanna Jatika Udyanaya
260 _bNeptune Publication
_aBattaramulla
_c2011
300 _b96, iill, 21 cm
942 _cBK
999 _c131958
_d131958